Computational Science and Its Applications – ICCSA 2017 17th International Conference, Trieste, Italy, July 3-6, 2017, Proceedings, Part III /

The six-volume set LNCS 10404-10409 constitutes the refereed proceedings of the 17th International Conference on Computational Science and Its Applications, ICCSA 2017, held in Trieste, Italy, in July 2017. The 313 full papers and 12 short papers included in the 6-volume proceedings set were careful...

Πλήρης περιγραφή

Λεπτομέρειες βιβλιογραφικής εγγραφής
Συγγραφή απο Οργανισμό/Αρχή: SpringerLink (Online service)
Άλλοι συγγραφείς: Gervasi, Osvaldo (Επιμελητής έκδοσης), Murgante, Beniamino (Επιμελητής έκδοσης), Misra, Sanjay (Επιμελητής έκδοσης), Borruso, Giuseppe (Επιμελητής έκδοσης), Torre, Carmelo M. (Επιμελητής έκδοσης), Rocha, Ana Maria A.C (Επιμελητής έκδοσης), Taniar, David (Επιμελητής έκδοσης), Apduhan, Bernady O. (Επιμελητής έκδοσης), Stankova, Elena (Επιμελητής έκδοσης), Cuzzocrea, Alfredo (Επιμελητής έκδοσης)
Μορφή: Ηλεκτρονική πηγή Ηλ. βιβλίο
Γλώσσα:English
Έκδοση: Cham : Springer International Publishing : Imprint: Springer, 2017.
Σειρά:Lecture Notes in Computer Science, 10406
Θέματα:
Διαθέσιμο Online:Full Text via HEAL-Link
LEADER 03400nam a22006495i 4500
001 978-3-319-62398-6
003 DE-He213
005 20170713141135.0
007 cr nn 008mamaa
008 170713s2017 gw | s |||| 0|eng d
020 |a 9783319623986  |9 978-3-319-62398-6 
024 7 |a 10.1007/978-3-319-62398-6  |2 doi 
040 |d GrThAP 
050 4 |a TK5105.5-5105.9 
072 7 |a UKN  |2 bicssc 
072 7 |a COM075000  |2 bisacsh 
082 0 4 |a 004.6  |2 23 
245 1 0 |a Computational Science and Its Applications – ICCSA 2017  |h [electronic resource] :  |b 17th International Conference, Trieste, Italy, July 3-6, 2017, Proceedings, Part III /  |c edited by Osvaldo Gervasi, Beniamino Murgante, Sanjay Misra, Giuseppe Borruso, Carmelo M. Torre, Ana Maria A.C. Rocha, David Taniar, Bernady O. Apduhan, Elena Stankova, Alfredo Cuzzocrea. 
264 1 |a Cham :  |b Springer International Publishing :  |b Imprint: Springer,  |c 2017. 
300 |a XXXVI, 766 p. 219 illus.  |b online resource. 
336 |a text  |b txt  |2 rdacontent 
337 |a computer  |b c  |2 rdamedia 
338 |a online resource  |b cr  |2 rdacarrier 
347 |a text file  |b PDF  |2 rda 
490 1 |a Lecture Notes in Computer Science,  |x 0302-9743 ;  |v 10406 
520 |a The six-volume set LNCS 10404-10409 constitutes the refereed proceedings of the 17th International Conference on Computational Science and Its Applications, ICCSA 2017, held in Trieste, Italy, in July 2017. The 313 full papers and 12 short papers included in the 6-volume proceedings set were carefully reviewed and selected from 1052 submissions. Apart from the general tracks, ICCSA 2017 included 43 international workshops in various areas of computational sciences, ranging from computational science technologies to specific areas of computational sciences, such as computer graphics and virtual reality. Furthermore, this year ICCSA 2017 hosted the XIV International Workshop On Quantum Reactive Scattering. The program also featured 3 keynote speeches and 4 tutorials. 
650 0 |a Computer science. 
650 0 |a Computer communication systems. 
650 0 |a Algorithms. 
650 0 |a Artificial intelligence. 
650 0 |a Image processing. 
650 0 |a Application software. 
650 1 4 |a Computer Science. 
650 2 4 |a Computer Communication Networks. 
650 2 4 |a Artificial Intelligence (incl. Robotics). 
650 2 4 |a Information Systems Applications (incl. Internet). 
650 2 4 |a Algorithm Analysis and Problem Complexity. 
650 2 4 |a Image Processing and Computer Vision. 
650 2 4 |a Computer Appl. in Social and Behavioral Sciences. 
700 1 |a Gervasi, Osvaldo.  |e editor. 
700 1 |a Murgante, Beniamino.  |e editor. 
700 1 |a Misra, Sanjay.  |e editor. 
700 1 |a Borruso, Giuseppe.  |e editor. 
700 1 |a Torre, Carmelo M.  |e editor. 
700 1 |a Rocha, Ana Maria A.C.  |e editor. 
700 1 |a Taniar, David.  |e editor. 
700 1 |a Apduhan, Bernady O.  |e editor. 
700 1 |a Stankova, Elena.  |e editor. 
700 1 |a Cuzzocrea, Alfredo.  |e editor. 
710 2 |a SpringerLink (Online service) 
773 0 |t Springer eBooks 
776 0 8 |i Printed edition:  |z 9783319623979 
830 0 |a Lecture Notes in Computer Science,  |x 0302-9743 ;  |v 10406 
856 4 0 |u http://dx.doi.org/10.1007/978-3-319-62398-6  |z Full Text via HEAL-Link 
912 |a ZDB-2-SCS 
912 |a ZDB-2-LNC 
950 |a Computer Science (Springer-11645)